| 000 | 01046nam a2200349 c 4500 | ||
|---|---|---|---|
| 001 | 10709 | ||
| 003 | ES-MaCES | ||
| 005 | 20150929131152.0 | ||
| 008 | 000626s2000 sp t 000 | spa d | ||
| 017 |
_aM 10289-2000 _bDL |
||
| 020 | _a8472487679 | ||
| 035 | _aCES20000007658m | ||
| 040 |
_aES-MaCES _bspa _cES-MaCES |
||
| 100 | 1 |
_aSchwartz, Pedro _923753 |
|
| 245 | 1 | 0 |
_aQueda mucho por hacer _b: conversaciones con cuatro ministros económicos del PP |
| 260 |
_aMadrid _aBarcelona _bMarcial Pons _c2000 |
||
| 300 |
_a117 p. _c21 cm |
||
| 490 | 1 | _aEconomía | |
| 541 | _cGratuito | ||
| 650 | 4 |
_aeconomía _926781 |
|
| 650 | 4 |
_acondiciones económicas _927081 |
|
| 650 | 4 |
_apolítico _927245 |
|
| 650 | 4 |
_aeconomista _928467 |
|
| 650 | 4 |
_aEspaña _926964 |
|
| 650 | 4 |
_aentrevista _928852 |
|
| 653 | 1 | 0 | _aCondiciones económicas |
| 650 | 4 |
_927071 _aevaluación económica |
|
| 830 | 0 |
_aEconomía (Marcial Pons (Firma)) _933454 |
|
| 902 | _aLIB Libro | ||
| 942 |
_2CES _cBK _h0.0. |
||
| 999 |
_c10709 _d10709 |
||